Introducción al derecho hispánico / por Juan Moneva y Puyol
Descripción Física:
441 p. ; 19 cm
Colección:
Colección Labor : Biblioteca de iniciación cultural : Sección VIII : Ciencias jurídicas ; 5-6
Materias:
Dret -- Espanya
MARC
| LEADER | 00000nam a2200000Ia 4500 | ||
|---|---|---|---|
| 001 | 1009 | ||
| 008 | 160829s9999 xx 000 0 cat d | ||
| 080 | |a D-1-136 | ||
| 100 | |a Moneva y Puyol, Juan |9 21067 | ||
| 245 | |a Introducción al derecho hispánico / por Juan Moneva y Puyol | ||
| 260 | |a Barcelona : |b Labor, [193 - ?] | ||
| 300 | |a 441 p. ; |c 19 cm | ||
| 490 | |a Colección Labor : Biblioteca de iniciación cultural : Sección VIII : Ciencias jurídicas ; 5-6 | ||
| 650 | |a Dret |x Espanya |9 21068 | ||
| 901 | |a Arxiu | ||
| 942 | |n 1 | ||
| 952 | |0 0 |1 0 |4 0 |6 D1136 |7 1 |9 41786 |a Arxiu |b Arxiu |d 2016-12-01 |l 0 |o D-1-136 |p 1009 |r 2016-12-01 00:00:00 |w 2016-12-01 |y ARXIU | ||
| 999 | |c 43677 |d 43677 | ||